| 000 -LEADER | |
|---|---|
| fixed length control field | 00408nam a22001697a 4500 |
| 005 - DATE AND TIME OF LATEST TRANSACTION | |
| control field | 20160611103741.0 |
| 008 - FIXED-LENGTH DATA ELEMENTS--GENERAL INFORMATION | |
| fixed length control field | 160611b xxu||||| |||| 00| 0 eng d |
| 020 ## - INTERNATIONAL STANDARD BOOK NUMBER | |
| ISBN | 9788185989365 |
| 041 ## - LANGUAGE CODE | |
| Language code of text/sound track or separate title | eng |
| 082 ## - DEWEY DECIMAL CLASSIFICATION NUMBER | |
| Item number | 6788 |
| 100 ## - MAIN ENTRY--AUTHOR NAME | |
| Personal name | Sinha, K.K. |
| 245 ## - TITLE STATEMENT | |
| Title | Business Communication |
| 260 ## - PUBLICATION, DISTRIBUTION, ETC. (IMPRINT) | |
| Place of publication | New Delhi |
| Name of publisher | Galgotia Publ. Pvt. Ltd. |
| Year of publication | 1999 |
| 300 ## - PHYSICAL DESCRIPTION | |
| Number of Pages | 647 |
| 650 ## - SUBJECT ADDED ENTRY--TOPICAL TERM | |
| Topical Term | Management |
| 942 ## - ADDED ENTRY ELEMENTS (KOHA) | |
| Koha item type | Books |
| Lost status | Damaged status | Collection code | Home library | Current library | Shelving location | Date acquired | Cost, normal purchase price | Full call number | Accession Number | Koha item type |
|---|---|---|---|---|---|---|---|---|---|---|
| MANAGEMENT | JRU Library | JRU Library | SHELF-62 -K | 11/06/2016 | 250.00 | 6788 | 6788 | Books | ||
| MANAGEMENT | JRU Library | JRU Library | SHELF-62 -L | 11/06/2016 | 325.00 | 6788 | 6789 | Books | ||
| MANAGEMENT | JRU Library | JRU Library | SHELF-62 -L | 11/06/2016 | 325.00 | 6788 | 6790 | Books | ||
| MANAGEMENT | JRU Library | JRU Library | SHELF-62 -L | 11/06/2016 | 325.00 | 6788 | 6791 | Books |